| 000 | 00355nam a2200145Ia 4500 | ||
|---|---|---|---|
| 005 | 20250317152641.0 | ||
| 008 | 240331s9999 xx 000 0 und d | ||
| 082 |
_bJOS _a894 |
||
| 100 | _aJoseph, R | ||
| 245 | 0 | _aErniyum thoniyum | |
| 260 |
_aKandy _bMakkal Kalai Ilakiya Ondriam _c1996 |
||
| 300 | _a60 p ., | ||
| 650 | _aUruvakak kadhaikal | ||
| 942 | _cL | ||
| 999 |
_c4016 _d4016 |
||